| 000 | 01592nam a2200301 a 4500 | ||
|---|---|---|---|
| 001 | 000000420796 | ||
| 003 | IT-MiSPE | ||
| 005 | 20250324143223.0 | ||
| 008 | 151113s1957 fr ch 000 u fre d | ||
| 040 |
_aIT-MiSPE _bita _dlco _cIT-MiSPE |
||
| 041 |
_afre _hfre |
||
| 082 | _a194-PAS bl pe (ppv 23403) | ||
| 100 | 1 |
_aPascal, Blaise, _d1623-1662. _961963 |
|
| 245 | 1 | 0 |
_aPensées / _cPascal ; texte de l'édition Brunschvicg ; introduction et notes par Ch.M. Des Granges. |
| 250 |
_aÉd. précédée de la vie de Pascal / _bpar Mme Périer |
||
| 260 |
_aParis : _bGarnier, _c1961. |
||
| 300 |
_ax, 342 p., [4] c. di tav. : _bfacs. ; _c19 cm |
||
| 520 | _aI ''Pensieri'' sono un insieme di riflessioni filosofiche e religiose, stese sotto forma di appunti, di brevi annotazioni, di battute polemiche e, qualche volta, anche di più ampie trattazioni, che Pascal scrisse a partire del 1658. Non sono solo un grandioso affresco apologetico del cristianesimo. Essi contengono riflessioni acute, spesso impietose, sempre realisticamente aderenti, sull'uomo come è di fatto, nella sua realtà concreta. | ||
| 600 | 1 | 4 |
_aPascal, Blaise, _d1623-1662 _0(Wikidata) Q1290. _961963 |
| 655 | 7 |
_aFilosofi di lingua francese. Generalità e filosofi fino al 1920 _xFilosofi del 1500 e del 1600: Pascal Blaise, 1623-1662. _961964 |
|
| 700 | 1 |
_aDes Granges, Charles Marc, _d1861-1944, _eed. _961977 |
|
| 700 | 1 |
_aPérier, Gilberte, _d1620-1687. _961978 |
|
| 900 | 1 | _d1620-1685. | |
| 942 |
_2ddc _cBK |
||
| 990 | 1 | 0 |
_a90001ac _b10001ad |
| 990 | 1 | 0 |
_a90002ad _b70002ad |
| 999 |
_c360465 _d360465 |
||